00395nam a2200133Ia 45000030006000000080041000060400015000471000022000622450105000842500010001892600033001995460012002320050017002440STCL150530s9999 xx 000 0 und d aSTCLcSTCL aHarry Johnson, G. aWorld economy at the crossroads a survey of currrent problems of money trade and econoic development aFirst bOxford Clarendon pressc1968 aEnglish20220125165621.0